00000000nas 2200000za 4500
0019.501111
003CaOODSP
00520250403104650
007cr |||||||||||
008150406d20032005oncmr p o||||f0   |0fre|d
022 |y1705-849X|a1707-4606
040 |aCaOODSP|bfre
043 |an-cn---
0861 |aCS31-001F-IN
1300 |aEnquête mensuelle sur les industries manufacturières (2003 : En ligne)
222 0|aEnquête mensuelle sur les industries manufacturières $b(2003, En ligne)
24510|aEnquête mensuelle sur les industries manufacturières |h[ressource électronique]
260 |aOttawa : |bStatistique Canada, |c2003-2005.
310 |aMensuel
3621 |aVol. 57, no 2 (févr. 2003)-vol. 58, no 12 (déc. 2004)
5203 |aFournit des valeurs mensuelles estimatives des livraisons, stocks et commandes des manufacturiers.
7102 |aStatistique Canada.
78500|tMonthly survey of manufacturing |w(CaOODSP)9.500039